000
00355nam a2200133Ia 4500
008
231129s1998||||xx |||||||||||||| ||spa||
020
_a
958-30-0256-9
040
_b
spa
082
_a
R 614.88 P953
245
0
_a
Primeros auxilios : manual de consulta
260
_c
1998
264
_a
Panamericana
942
_2
ddc
_c
BKS
999
_c
23193
_d
23193